Wszystkie Karty 99 w FIFA 20 - Statystyki

Ogólne statystyki
  • Ten quiz został rozwiązany 538 razy
  • Średni wynik to 9 z 10
Statystyki odpowiedzi
Rodzaj karty Nazwisko % Poprawnych
TOTY Messi
99%
TOTSF Messi
99%
TOTY Ronaldo
99%
TOTSF Ronaldo
99%
Ikona Pele
98%
Ikona Maradona
93%
TOTSF Lewandowski
83%
TOTY Van Dijk
66%
TOTSF Van Dijk
66%
TOTSF De Bruyne
60%
Nie znaleziono quizów pasujących do podanych kryteriów
Rozkład punktacji
Procent ludzi z każdym wynikiem
Percentyl według liczby udzielonych odpowiedzi
Twoja historia wyników
Nie rozwiązałeś tego quizu